000 00931nam a2200229Ia 4500
003 GCL
005 20240530110858.0
008 140319s2010 ua ack 000 0 ara d
040 _aGCL /
_cGCL
082 0 4 _a306.27/
_bأ ع
_221
100 0 _aاشرف سليمان غبريال
245 1 0 _aعلم الاجتماع العسكرى :
_bدور المؤسسة الرئاسية والعسكرية فى تحقيق الامن القومى /
_cاشرف سليمان غبريال
260 _aالاسكندرية :
_bمؤسسة شباب الجامعة،
_c2010.
300 _a755 ص. :
_bايض ؛
_c24 سم.
650 0 7 _aالامن القومى
_2qrmak
650 0 7 _aعلم النفس العسكرى
_2qrmak
650 0 7 _aالحرب والمجتمع
_2qrmak
650 0 7 _aالتجسس
_2qrmak
650 0 7 _aالاجتماع العسكرى، علم
_2qrmak
650 0 7 _aالمخابرات العسكرية
_2qrmak
942 _2ddc
_cBK
999 _c66079
_d66079